| 000 | 01074pam a2200337 a 4500 | ||
|---|---|---|---|
| 001 | 30879 | ||
| 003 | BD-RjUL | ||
| 005 | 20211209051629.0 | ||
| 008 | 140412s1988 cau b 001 0 eng c | ||
| 020 | _a1555421059 (alk. paper) | ||
| 035 | _a(BD-RjUL)30966 | ||
| 040 |
_aDNLM/DLC _cDLC _dBD-RjUL _beng |
||
| 041 | _aeng | ||
| 060 | _aWM 420 F495t | ||
| 082 | 0 | 0 |
_a155.632 _219 _bFIT 1988 |
| 100 | 1 |
_aFine, Reuben, _d1914-1993. _993811 |
|
| 245 | 1 | 0 |
_aTroubled men : _bthe psychology, emotional conflicts, and therapy of men / _cReuben Fine. |
| 260 |
_aSan Francisco : _bJossey-Bass Publishers, _cc1988. |
||
| 300 |
_axv, 348 p. ; _c24 cm. |
||
| 504 | _aBibliography: p. 309-329. | ||
| 504 | _aIncludes indexes. | ||
| 650 | 0 |
_aMen _xMental health. _993813 |
|
| 650 | 0 |
_aMen _xPsychology. _993814 |
|
| 650 | 0 |
_aPsychotherapy. _993815 |
|
| 650 | 2 |
_aMen _xpsychology. _993816 |
|
| 650 | 2 |
_aPsychotherapy. _993817 |
|
| 942 |
_2ddc _cBK |
||
| 999 |
_c30879 _d30879 |
||